000 01137nam0a22002771 4500
001 rc\4702976
005 20250612010035.0
035 _a(NLR Aleph) 008433850
090 _a9434524
_c9434524
100 _a20130416d1968 |||y0rusy50 ca
101 0 _arus
102 _aRU
105 _aa z |||||
200 1 _aФотолаборатория в районной прокуратуре
_e[Учеб. пособие]
_fПрокуратура СССР. Всесоюз. ин-т по изучению причин и разработке мер предупреждения преступности
210 _aМосква
_cБ. и.
_d1968
215 _a37 с.
_cил.
_d21
300 _aАвт. указаны на обороте тит. л.
320 _aБиблиогр.: с. 36
333 _aДля служебного пользования. Экз. № 00008
700 1 _aСтепичев
_bС.С.
_gСергей Сергеевич
701 1 _aБашкатов
_bВ.К.
_gВладимир Кириллович
801 0 _aRU
_bNLR
_gpsbo
801 1 _aRU
_bELAR
_2rusmarc
852 _aNLR
_j50к/15446
942 _cBOOK
980 _aNB